Sleeping giants /

Bibliographic Details
Main Author: Coffer, William E.
Corporate Author: California State University, Fullerton. Faculty
Format: Book
Language:English
Published: Washington, D.C. : University Press of America, [1979]
Subjects:

MARC

Tag First Indicator Second Indicator Subfields
LEADER 00000cam a2200000 a 4500
001 in00000097540
005 20150924085218.0
008 791025s1979 dcu b 00010 eng d
010 |a  79064248  
020 |a 0819107603 
035 |a (OCoLC)05588536 
035 |9 AAK9163AM 
040 |a CFI  |c CFI  |d m.c.  |d TXA  |d UtOrBLW 
043 |a n-us--- 
049 |a TXAM  |c [388728] 
090 |a E97  |b  C6 
100 1 |a Coffer, William E. 
245 1 0 |a Sleeping giants /  |c William E. Coffer (Koi Hosh). 
264 1 |a Washington, D.C. :  |b University Press of America,  |c [1979] 
264 4 |c ©1979 
300 |a viii, 125 pages ;  |c 23 cm. 
336 |a text  |b txt  |2 rdacontent 
337 |a unmediated  |b n  |2 rdamedia 
338 |a volume  |b nc  |2 rdacarrier 
504 |a Bibliography: pages 123-125. 
650 0 |a Indians of North America  |x Education. 
650 0 |a Indians of North America  |x Government relations. 
650 0 |a Indians of North America  |x Legal status, laws, etc. 
710 2 |a California State University, Fullerton.  |b Faculty. 
999 |a MARS 
999 f f |s b2d80981-5db1-3a36-a169-f26799f957b3  |i d751f6b3-9b91-3950-8cba-d536f7ec94a6  |t 0 
952 f f |p ric  |a Texas A&M University  |b Rellis Campus  |c Joint Library Facility  |d Remote Storage  |t 0  |e E97 C6  |h Library of Congress classification  |i unmediated -- volume  |m A14806039965 
998 f f |a E97 C6  |t 0  |l Remote Storage